Tři nejčastější výzvy spojené s najímáním do týmů líniových manažerů

Objasnenie úlohy líniového manažéra pri výbere zamestnancov do tímu a analýza troch najčastejších úskalí pri obsadzovaní novej pozície: profil kandidáta na hľadanú pozíciu, prax a odbornosť kandidáta a zaškoľovací proces.

Gespeichert in:
Bibliographische Detailangaben
1. Verfasser: Spáčilová, Lucie
Format: Buchkapitel
Sprache:Tschechisch
Schlagworte:
Tags: Tag hinzufügen
Keine Tags, Fügen Sie das erste Tag hinzu!

MARC

LEADER 00000naa a2200000 4500
001 0281947
005 20240417075153.5
041 0 |a cze 
044 |a CZ 
245 1 0 |a Tři nejčastější výzvy spojené s najímáním do týmů líniových manažerů  |c Lucie Spáčilová 
520 |a Objasnenie úlohy líniového manažéra pri výbere zamestnancov do tímu a analýza troch najčastejších úskalí pri obsadzovaní novej pozície: profil kandidáta na hľadanú pozíciu, prax a odbornosť kandidáta a zaškoľovací proces. 
610 2 0 |a manažment 
610 2 0 |a manažéri 
610 2 0 |a personalisti 
610 2 0 |a personalistika 
610 2 0 |a výber pracovníkov 
610 2 0 |a nábor pracovníkov 
610 2 0 |a pohovor 
100 1 |a Spáčilová, Lucie